Study in the Netherlands 2003/2004
Đã lưu trong:
| 格式: | 图书 |
|---|---|
| 语言: | Undetermined |
| 出版: |
The Hague, The Netherlands
NUFFIC
2002
|
| 主题: | |
| 标签: |
添加标签
没有标签, 成为第一个标记此记录!
|
| Thư viện lưu trữ: | Trung tâm Học liệu Trường Đại học Cần Thơ |
|---|
| LEADER | 00447nam a2200157Ia 4500 | ||
|---|---|---|---|
| 001 | CTU_52706 | ||
| 008 | 210402s9999 xx 000 0 und d | ||
| 082 | |a 378 | ||
| 082 | |b S933 | ||
| 245 | 0 | |a Study in the Netherlands 2003/2004 | |
| 260 | |a The Hague, The Netherlands | ||
| 260 | |b NUFFIC | ||
| 260 | |c 2002 | ||
| 650 | |a education,universities and colleges | ||
| 650 | |z the netherlands | ||
| 980 | |a Trung tâm Học liệu Trường Đại học Cần Thơ | ||